| 000 | 01362nam a22002177a 4500 | ||
|---|---|---|---|
| 003 | BJBSDDR | ||
| 005 | 20260421091609.0 | ||
| 007 | ta | ||
| 008 | 260421s1986 ||||| |||| 00| 0 eng d | ||
| 020 | _a 0520058763 | ||
| 040 |
_bspa _cBJBSDDR |
||
| 041 | _aeng | ||
| 050 | _bC318 1986 | ||
| 100 | 1 |
_aCarringer, Robert L. _948022 |
|
| 245 | 1 | 4 |
_aThe making of Citizen Kane / _cRobert L. Carringer |
| 260 |
_aBerkeley, California : _bUniversity of California Press, _c1986 |
||
| 300 |
_a XIV, 18O pages : _billustrations ; _c 23 cm |
||
| 520 | _aCitizen Kane, widely considered the greatest film ever made, continues to fascinate critics and historians as well as filmgoers. While credit for its genius has traditionally been attributed solely to its director, Orson Welles, Carringer's pioneering study documents the shared creative achievements of Welles and his principal collaborators. The Making of Citizen Kane, copiously illustrated with rare photographs and production documents, also provides an in-depth view of the operations of the Hollywood studio system. This new edition includes a revised preface and overview of criticism, an updated chronology of the film's reception history, a reconsideration of the locus of responsibility of Welles's ill-fated The Magnificent Ambersons, and new photographs. | ||
| 942 |
_2lcc _n0 _cBK |
||
| 946 | _icmc | ||
| 999 |
_c126857 _d126857 |
||